1263 1542 1203 1693 1455 1275 1979 1178 1962 1144 1446 1790 1496 1498 1120 1575 1594 1123 1240 1589 1805 1446 1480 1159 1683 1028 1970 1201 1109 1642 1202 1614 1333 1593 1553 1268 1046 1140 1338 1968 1603 1149 1814 1038 1049 1153 1896 1048 1505 1802 1823 1415 1784 1396 1856 1142 1359 1030 1643 1096 1749 1945 1018 1873 1634 1581 1745 1325 1552 1651 1084 1866 1085 1618 1966 1421 1966 1358 1359 1506 1906 1448 1082 1179 1495 1040 1623 1023 1802 1437 1355 1480 1224 1304 1068 1575 1897 1625 1797 BCNSPRNW ULIB Ver.6.0+V

เปลี่ยนเป็นภาษาไทย

Change to English
 แสดงรายละเอียดบรรณานุกรม
  กลับหน้าหลัก

Brief Record : Get Marc (ISO 2709) : E-mail record : QR code < ปิดหน้าต่าง
LEADER : 00000nam 2200000uu 4500
001    13399113659
003     ULIB
008    020711s2549 th a 000 0 tha d
020    ^a9749463854
090    ^aนว.^bs11ม 2549
100    ^aSteve Cash
245    ^aเดอะเม็ก เผ่าพันธุ์อมตะ/^cSteve Cash
260    ^aกรุงเทพฯ :^bนานมีบุ๊ค,^c2549
300    ^a527 หน้า
945    ^p345^l0^i019595
995    ทศพร
999 ^a ใช้งานได้ทุกระบบ
รายการนี้ยังไม่มีแท็ก
คุณยังไม่ได้ล็อกอิน คุณสามารถมีกิจกรรมร่วมกับเว็บไซต์ได้ แต่ต้องล็อกอินก่อน ::
  ล็อกอิน

รายการสื่อสารสนเทศ

ลำดับที่ ประเภท เลขเรียก/บาร์โค้ด สถานที่ สถานะ
1. นวนิยาย
นวนิยาย
นว. s11ม 2549 ฉ.1 
  Barcode: 019595
ห้องสมุดวิทยาเขตสวรรค์ประชารักษ์
►นวนิยาย
บนชั้น
  ขอยืม

BibComment


ยังไม่เคยถูกคอมเมนท์

คอมเมนท์ทรัพยากรรายการนี้
  คอมเมนท์: เดอะเม็ก เผ่าพัน..


 Copyright 2026. Bcnsprnw @Library